000
00322nam a2200133Ia 4500
008
231129s1966||||xx |||||||||||||| ||spa||
040
_b
spa
082
_a
F844 Ch492g
100
_a
Chateaubriand Francois Rene de.
245
0
_a
El genio del cristianismo
260
_c
1966
264
_a
Ramon Sopena
942
_2
ddc
_c
BKS
999
_c
11142
_d
11142